[Event "It (open)"]
[Site "masterchessopen.com – Rome (Italy)"]
[Round "2"]
[White "Razuvaev Yuri S (RUS)"]
[Black "Simoli Sergio (ITA)"]
[Result "1-0"]
[WhiteElo "2545"]
[BlackElo "2263"]

1.d4 Nf6 2.c4 g6 3.Nc3 Bg7 4.e4 d6 5.f3 O-O 6.Be3 Nc6 7.Nge2 a6 8.Qd2 Rb8
9.Nc1 e5 10.d5 Nd4 11.N1e2 c5 12.dxc6 Nxc6 13.Rd1 Be6 14.Nd5 b5 15.Nec3 Nd4
16.Bd3 Nd7 17.O-O Nc5 18.Rf2 f5 19.exf5 gxf5 20.Bf1 Kh8 21.b4 Nd7 22.Bg5 Nf6
23.cxb5 axb5 24.Nf4 Bg8 25.Nh5 Re8 26.Nxg7 Kxg7 27.Be3 {#r} 1-0

[Event "Ch World (juniors) (under 20)"]
[Site "masterchessopen.com – Santiago (Chile)"]
[Round "0"]
[White "Sjodahl Pontus (SWE)"]
[Black "Watanabe Roberto (BRA)"]
[Result "0-1"]
[WhiteElo "2417"]
[BlackElo "2370"]

1.d4 Nf6 2.c4 g6 3.Nc3 Bg7 4.e4 d6 5.f3 O-O 6.Be3 Nc6 7.Nge2 a6 8.Qd2 Rb8
9.Bh6 b5 10.h4 bxc4 11.O-O-O Nb4 12.Ng3 c5 13.Bxg7 Kxg7 14.dxc5 Be6 15.cxd6
Qa5 16.a3 Nd3+ 17.Bxd3 cxd3 18.Qxd3 Rfc8 19.Rd2 Nd7 20.Qd4+ Kg8 21.Kd1 Ne5
22.Nd5 Bxd5 23.exd5 exd6 24.h5 Rc4 25.Qa7 Re8 26.hxg6 Qa4+ 27.Ke2 Ng4+ 28.Ne4
Rcxe4+ 29.fxe4 Qxe4+ 30.Kf1 Qe1# 0-1

[Event "Spartakiada URS (w)"]
[Site "masterchessopen.com – Azov (Russia)"]
[Round "2"]
[White "Mamedova Rena (GER)"]
[Black "Khalafian Erna (ARM)"]
[Result "0-1"]
[WhiteElo "2353"]
[BlackElo "2101"]

1.d4 Nf6 2.c4 g6 3.Nc3 Bg7 4.e4 d6 5.f3 O-O 6.Be3 Nc6 7.Nge2 a6 8.Qd2 Rb8 9.a3
b5 10.cxb5 axb5 11.d5 Na5 12.Nd4 Bd7 13.b4 c5 14.dxc6 Nxc6 15.Ndxb5 Ne5 16.Be2
d5 17.exd5 Bxb5 18.Bxb5 Rxb5 19.Nxb5 Nc4 20.Qd3 Nxe3 21.Qxe3 Nxd5 22.Qc1 Qb6
23.Ra2 Qxb5 24.Rc2 Qd3 25.h4 Rd8 26.h5 Ne3 27.Rc8 Nxg2+ 28.Kf2 Bd4+ 29.Kxg2
Qe2+ 30.Kg3 Qf2+ 31.Kg4 Qg2+ 32.Kf4 e5+ {#R} 0-1

[Event "corr."]
[Site "masterchessopen.com – Czechoslovakia"]
[Round "0"]
[White "Hrivnak Vladimir (SVK)"]
[Black "Pletanek Jan (CZE)"]
[Result "1-0"]
[WhiteElo "2235"]
[BlackElo "2223"]

1.d4 Nf6 2.c4 g6 3.Nc3 Bg7 4.e4 d6 5.f3 O-O 6.Be3 Nc6 7.Nge2 a6 8.Qd2 Rb8 9.h4
h5 10.Bh6 b5 11.O-O-O e5 12.Bxg7 Kxg7 13.dxe5 dxe5 14.Qe3 Qe7 15.Nd5 Nxd5
16.cxd5 Na5 17.Kb1 Nc4 18.Qc3 f6 19.Rc1 Rf7 20.Ng3 Nd6 21.Bd3 Bb7 22.Rc2 Rc8
23.Qa5 Kf8 24.Rhc1 Qd7 25.Nf1 Ne8 26.Be2 Rd8 27.Nd2 Bc8 28.Nb3 Qe7 29.Nc5 Rd6
30.a4 bxa4 31.Bxa6 {#r} 1-0

[Event "corr."]
[Site "masterchessopen.com – Czechoslovakia"]
[Round "0"]
[White "Pecina Michal (CZE)"]
[Black "Juricek Stanislav (CZE)"]
[Result "0-1"]
[WhiteElo "2164"]
[BlackElo "2131"]

1.d4 Nf6 2.c4 g6 3.Nc3 Bg7 4.e4 d6 5.f3 O-O 6.Be3 Nc6 7.Qd2 a6 8.Nge2 Rb8
9.Nc1 e5 10.d5 Nd4 11.N3e2 Nxe2 12.Nxe2 Ne8 13.O-O-O c5 14.dxc6 bxc6 15.Bc5
Be6 16.b3 Qc7 17.Bxd6 Nxd6 18.Qxd6 Qa5 19.Qd2 Bh6 20.Qxh6 Qxa2 21.Rd3 Bxc4
22.Nc3 Qa1+ 23.Nb1 Bxd3 {#R} 0-1

[Event "It (open) \"]
[Site "masterchessopen.com – Denmark"]
[Round "0"]
[White "Antonsen Mikkel (DEN)"]
[Black "Pedersen Jan (DEN)"]
[Result "0-1"]
[WhiteElo "2325"]
[BlackElo "2011"]

1.d4 Nf6 2.c4 g6 3.Nc3 Bg7 4.e4 O-O 5.f3 d6 6.Be3 a6 7.Qd2 Nc6 8.Nge2 Rb8 9.h4
h5 10.Nc1 Bd7 11.Nb3 b5 12.cxb5 axb5 13.Bxb5 Nb4 14.Bc4 d5 15.exd5 Bf5 16.O-O
Nc2 17.Rad1 Nxe3 18.Qxe3 Rb4 19.Qe2 Qd6 20.a3 Rxc4 21.Qxc4 Qg3 22.Qe2 Rb8
23.Nc5 Bh6 24.Qf2 Be3 25.Qxe3 Ng4 26.fxg4 Qxe3+ 27.Kh2 hxg4 28.N5e4 Rxb2 {#R}
0-1

[Event "It (open) \"]
[Site "masterchessopen.com – Denmark"]
[Round "0"]
[White "Barbero Gerardo F (ARG)"]
[Black "Brendel Oliver (GER)"]
[Result "1-0"]
[WhiteElo "2495"]
[BlackElo "2375"]

1.d4 Nf6 2.c4 g6 3.Nc3 Bg7 4.e4 d6 5.f3 O-O 6.Be3 Nc6 7.Nge2 a6 8.Qd2 Rb8
9.Nc1 e5 10.d5 Nd4 11.Nb3 Nxb3 12.axb3 c5 13.g4 Ne8 14.Rg1 f5 15.gxf5 gxf5
16.Bg5 Qb6 17.exf5 Rxf5 18.Bh6 Rxf3 19.Bxg7 {#r} 1-0

[Event "Ch Germany (juniors)"]
[Site "masterchessopen.com – Germany"]
[Round "0"]
[White "Hoffmann Norbert (GER)"]
[Black "Ankerst Mihael (SLO)"]
[Result "0-1"]
[WhiteElo "2100"]
[BlackElo "2370"]

1.d4 Nf6 2.c4 g6 3.Nc3 Bg7 4.e4 d6 5.f3 O-O 6.Be3 Nc6 7.Qd2 a6 8.Nge2 Rb8 9.d5
Ne5 10.Nd4 c5 11.dxc6 bxc6 12.Be2 Bb7 13.O-O d5 14.Bf4 Nfd7 15.cxd5 cxd5
16.exd5 Rc8 17.Rfd1 Nb6 18.Bxe5 Bxe5 19.Qe3 Qc7 20.Nc6 Bxh2+ 21.Kh1 Bd6
22.Rac1 Bxc6 23.dxc6 Bf4 24.Qe4 Bxc1 25.Rxc1 Qxc6 26.Qxe7 Nd5 27.Qh4 Nxc3
28.bxc3 Rfe8 29.Bd3 Qd6 30.Be4 Qd2 {#R} 0-1

[Event "Ch Hungary (corr.)"]
[Site "masterchessopen.com – Hungary"]
[Round "0"]
[White "Hogye Imre (HUN)"]
[Black "Blasovszky Istvan (HUN)"]
[Result "1-0"]
[WhiteElo "2083"]
[BlackElo "2110"]

1.d4 Nf6 2.c4 g6 3.Nc3 Bg7 4.e4 d6 5.f3 O-O 6.Be3 Nc6 7.Nge2 a6 8.Qd2 Rb8
9.Bh6 b5 10.h4 bxc4 11.Bxg7 Kxg7 12.h5 e5 13.Nd5 Rh8 14.O-O-O h6 15.hxg6 fxg6
16.Ne3 Nb4 17.Nc3 Nd3+ 18.Bxd3 cxd3 19.dxe5 dxe5 20.Qxd3 Qe7 21.Ned5 Nxd5
22.Nxd5 Qg5+ 23.f4 {#r} 1-0

[Event "It (open) \"]
[Site "masterchessopen.com – London (England)"]
[Round "0"]
[White "Davies Nigel R (ENG)"]
[Black "Corkett Anthony (ENG)"]
[Result "1-0"]
[WhiteElo "2500"]
[BlackElo "2306"]

1.d4 Nf6 2.c4 g6 3.Nc3 Bg7 4.e4 d6 5.f3 O-O 6.Be3 Nc6 7.Nge2 a6 8.Qd2 Rb8 9.h4
h5 10.Nc1 e5 11.d5 Nd4 12.Nb3 Nxb3 13.axb3 c5 14.Be2 Bd7 15.Nd1 Ra8 16.b4 b6
17.bxc5 bxc5 18.b4 cxb4 19.Qxb4 Qb8 20.Qa5 Rc8 21.O-O Be8 22.Nc3 Nd7 23.Rfb1
Qc7 24.Qxc7 Rxc7 25.Nb5 Rb7 26.Nxd6 Rxb1+ 27.Rxb1 Bf8 28.Nxe8 Rxe8 29.Rb7 Nc5
30.Rc7 {#r} 1-0

[Event "It (open)"]
[Site "masterchessopen.com – Lyngby (Denmark)"]
[Round "-20"]
[White "Elgaard Brian K (DEN)"]
[Black "Burgess Graham (ENG)"]
[Result "0-1"]
[WhiteElo "2248"]
[BlackElo "2275"]

1.c4 g6 2.Nc3 Bg7 3.d4 d6 4.e4 Nf6 5.f3 O-O 6.Be3 Nc6 7.Nge2 Rb8 8.Qd2 a6
9.Rb1 Bd7 10.b4 b5 11.cxb5 axb5 12.Nc1 e5 13.Nxb5 exd4 14.Bg5 h6 15.Bxf6 Bxf6
16.Nb3 Ne5 17.N5xd4 c5 18.bxc5 dxc5 19.f4 cxd4 20.fxe5 Bxe5 21.Bd3 Bb5 22.O-O
Qh4 23.h3 Qg3 24.Rf3 Qh2+ 25.Kf2 Bxd3 26.Qxd3 Rfc8 27.Nd2 Rxb1 28.Qxb1 Rc3
29.Rxc3 dxc3 30.Nf3 Bg3+ 31.Kf1 Qh1+ {#R} 0-1

[Event "Ch World (juniors) (under 20)"]
[Site "masterchessopen.com – Mamaia (Romania)"]
[Round "0"]
[White "Van Gisbergen Stan (NED)"]
[Black "Pedzich Dominik (POL)"]
[Result "0-1"]
[WhiteElo "2295"]
[BlackElo "2385"]

1.d4 Nf6 2.c4 g6 3.Nc3 Bg7 4.e4 d6 5.f3 O-O 6.Be3 Nc6 7.Nge2 a6 8.Qd2 Rb8
9.Nc1 e5 10.d5 Nd4 11.N1e2 Nxe2 12.Bxe2 Nh5 13.c5 Qe7 14.cxd6 cxd6 15.O-O-O b5
16.Kb1 f5 17.Rc1 Nf6 18.b4 fxe4 19.fxe4 Bg4 20.Ka1 a5 21.Bxg4 Nxg4 22.Rb1 Qc7
23.h3 Nxe3 24.Qxe3 Qc4 25.bxa5 Qd4 26.Rbe1 Rbc8 27.Qxd4 exd4 28.Nd1 d3+ 29.e5
d2 {#R} 0-1

[Event "Ch World (juniors)"]
[Site "masterchessopen.com – Parana (Argentina)"]
[Round "-26"]
[White "Nedilsky Diego (ARG)"]
[Black "Garber Stanislav (USA)"]
[Result "0-1"]
[WhiteElo "2318"]
[BlackElo "2375"]

1.d4 Nf6 2.c4 g6 3.Nc3 Bg7 4.e4 d6 5.f3 O-O 6.Be3 Nc6 7.Nge2 a6 8.Qd2 Rb8 9.a3
Bd7 10.b4 b5 11.cxb5 axb5 12.d5 Ne5 13.Nd4 Qe8 14.Be2 c6 15.dxc6 Bxc6 16.O-O
Bd7 17.Qa2 e6 18.Rac1 d5 19.Nb3 dxe4 20.fxe4 Qd8 21.Bc5 Re8 22.Kh1 Nfg4
23.Bxg4 Nxg4 24.Qe2 Ne5 25.Na5 Qh4 26.Bd6 Rbc8 27.Nxb5 Rxc1 28.Rxc1 Bh6 29.Rg1
Ng4 30.Bg3 Bxb5 31.Qxb5 Qxh2+ {#R} 0-1

[Event "Ch Slovenia"]
[Site "masterchessopen.com – Slovenia"]
[Round "0"]
[White "Kragelj Igor (SLO)"]
[Black "Baric Dusan (SLO)"]
[Result "0-1"]
[WhiteElo "2219"]
[BlackElo "2055"]

1.d4 Nf6 2.c4 g6 3.Nc3 Bg7 4.e4 d6 5.f3 O-O 6.Be3 Nc6 7.Nge2 a6 8.Qd2 Rb8 9.h4
h5 10.Nc1 e5 11.d5 Nd4 12.Nb3 c5 13.dxc6 bxc6 14.Nxd4 exd4 15.Bxd4 c5 16.Be3
Qa5 17.Be2 Rxb2 18.Qxb2 Nxe4 19.fxe4 Bxc3+ 20.Bd2 Bxb2 21.Bxa5 Bxa1 22.Bc7 Re8
23.Bxd6 Rxe4 24.Bxc5 Bg4 25.O-O Bxe2 26.Rxa1 Rxh4 {#R} 0-1

[Event "It (open)"]
[Site "masterchessopen.com – Balatonbereny (Hungary)"]
[Round "0"]
[White "Walton Jonathan S (ENG)"]
[Black "Zimmerman Yuri (ISR)"]
[Result "0-1"]
[WhiteElo "2225"]
[BlackElo "2321"]

1.d4 Nf6 2.c4 g6 3.Nc3 Bg7 4.e4 d6 5.f3 O-O 6.Be3 Nc6 7.Qd2 a6 8.Nge2 Rb8 9.g4
b5 10.O-O-O e5 11.d5 Na5 12.Ng3 bxc4 13.h4 c6 14.Bg5 Qb6 15.dxc6 Be6 16.Nd5
Bxd5 17.exd5 Nxd5 18.Rh2 Nb4 19.Kb1 Qxc6 20.Ne4 f6 21.Be3 Rfd8 22.h5 d5
23.hxg6 hxg6 24.Bc5 Nd3 25.Bxd3 dxe4 26.Qxa5 exd3 {#R} 0-1

[Event "It (b)"]
[Site "masterchessopen.com – Barcelona (Spain)"]
[Round "0"]
[White "Campos Jose Felix (ARG)"]
[Black "Rahal Michael (ENG)"]
[Result "1-0"]
[WhiteElo "2163"]
[BlackElo "2339"]

1.d4 Nf6 2.c4 g6 3.Nc3 Bg7 4.e4 d6 5.f3 O-O 6.Be3 Nc6 7.Nge2 a6 8.Qd2 Rb8 9.h4
h5 10.Nc1 e5 11.d5 Nd4 12.Nb3 c5 13.dxc6 bxc6 14.Nxd4 exd4 15.Bxd4 Qa5 16.Rd1
c5 17.Be3 Rxb2 18.Qxb2 Nxe4 19.fxe4 {#r} 1-0

[Event "It (open)"]
[Site "masterchessopen.com – Bled (Slovenia)"]
[Round "8"]
[White "Kljako Damir (CRO)"]
[Black "Ankerst Mihael (SLO)"]
[Result "1-0"]
[WhiteElo "2182"]
[BlackElo "2370"]

1.d4 Nf6 2.c4 g6 3.Nc3 Bg7 4.e4 d6 5.f3 O-O 6.Be3 Nc6 7.Nge2 a6 8.Qd2 Rb8 9.g4
b5 10.O-O-O bxc4 11.Bh6 Nd7 12.h4 Bxh6 13.Qxh6 e5 14.Nd5 Nb4 15.dxe5 Nxd5
16.Rxd5 Nxe5 17.h5 Qf6 18.Nc3 Be6 19.hxg6 Qxg6 20.Qf4 Qg7 21.Rd2 Ng6 22.Qe3
Qe5 23.Rh6 f6 24.f4 Nxf4 25.Rf2 Ng6 26.Rh5 f5 27.gxf5 Bd7 28.Bxc4+ Kh8 29.Rfh2
{#r} 1-0

[Event "It (open)"]
[Site "masterchessopen.com – Bled (Slovenia)"]
[Round "6"]
[White "Toefferl Heimo (AUT)"]
[Black "Mazi Leon (SLO)"]
[Result "0-1"]
[WhiteElo "2102"]
[BlackElo "2352"]

1.d4 Nf6 2.c4 g6 3.f3 Bg7 4.e4 O-O 5.Nc3 d6 6.Be3 Nc6 7.Nge2 a6 8.Qd2 Rb8 9.g4
b5 10.h4 h5 11.Bh6 bxc4 12.Bxg7 Kxg7 13.O-O-O hxg4 14.f4 Rh8 15.d5 Nb4 16.Nd4
c5 17.dxc6 e5 18.Nc2 Nd3+ 19.Bxd3 cxd3 20.fxe5 dxe5 21.Ne3 Qb6 22.Ned5 Qxc6
23.Qg5 Rh5 24.Qxf6+ Qxf6 25.Nxf6 Kxf6 26.Rxd3 Be6 27.Rd6 Kg7 28.Ne2 Bxa2
29.Ng3 Rhh8 30.Rxa6 Rhc8+ {#R} 0-1

[Event "It (open) (w)"]
[Site "masterchessopen.com – Bled (Slovenia)"]
[Round "0"]
[White "Stanciu Gabriela (ROM)"]
[Black "Djeno Mara (CRO)"]
[Result "1-0"]
[WhiteElo "2250"]
[BlackElo "2192"]

1.d4 Nf6 2.c4 g6 3.Nc3 Bg7 4.e4 d6 5.f3 O-O 6.Be3 Nc6 7.Qd2 a6 8.Nge2 Rb8 9.a3
b5 10.cxb5 axb5 11.d5 b4 12.dxc6 bxc3 13.Nxc3 Qe8 14.Rc1 Qxc6 15.Nb5 Nxe4
16.fxe4 Qxe4 17.Nc3 Qb7 18.Rc2 Bf5 19.Bd3 Bxd3 20.Qxd3 Qb3 21.O-O c5 22.Rcf2
f5 23.h4 Bxc3 24.bxc3 Qxa3 25.g4 Rb3 26.gxf5 Rxc3 27.Qd5+ Kg7 28.fxg6 Rxf2
29.Rxf2 Qb3 30.Rf7+ {#r} 1-0

[Event "Ch Sweden (master's group)"]
[Site "masterchessopen.com – Borlange (Sweden)"]
[Round "6"]
[White "Backe Peter (SWE)"]
[Black "Vinke Dietmar (FIN)"]
[Result "0-1"]
[WhiteElo "2235"]
[BlackElo "2218"]

1.c4 Nf6 2.Nc3 g6 3.e4 d6 4.d4 Bg7 5.f3 O-O 6.Be3 Nc6 7.Nge2 a6 8.Qd2 Rb8 9.h4
e5 10.d5 Na5 11.Ng3 c5 12.h5 Bd7 13.Be2 b5 14.Kf2 Nxc4 15.Bxc4 bxc4 16.Rab1
Ne8 17.Bh6 Bxh6 18.Qxh6 g5 19.Nf5 Bxf5 20.exf5 f6 21.Ne4 Qd7 22.g4 Qa4 23.Nxg5
Qc2+ 24.Kg3 fxg5 25.Qxg5+ Kh8 26.Qe7 Ng7 27.Rhg1 Nxf5+ 28.gxf5 Rg8+ 29.Kh3
Qxf5+ 30.Kh4 Qf4+ 31.Kh3 Qxf3+ 32.Kh4 Qf2+ {#R} 0-1

[Event "It (open) \"]
[Site "masterchessopen.com – Budapest (Hungary)"]
[Round "9"]
[White "Szirmai Eduard (HUN)"]
[Black "Nowik Volker (GER)"]
[Result "0-1"]
[WhiteElo "2072"]
[BlackElo "2187"]

1.c4 Nf6 2.Nc3 g6 3.d4 Bg7 4.e4 d6 5.f3 O-O 6.Be3 Nc6 7.Nge2 a6 8.Qd2 Rb8 9.d5
Ne5 10.Nd4 c5 11.Nc2 Bd7 12.a4 Nh5 13.Be2 f5 14.exf5 Bxf5 15.Ne4 Bxe4 16.fxe4
Nf6 17.Bd3 b5 18.axb5 axb5 19.b3 bxc4 20.bxc4 Nfg4 21.Rd1 Rb3 22.Be2 Nxe3
23.Nxe3 Bh6 {#R} 0-1

[Event "It (open) \"]
[Site "masterchessopen.com – Buenos Aires (Argentina)"]
[Round "1"]
[White "Desia David (ARG)"]
[Black "Llanos Guillermo (ARG)"]
[Result "0-1"]
[WhiteElo "2105"]
[BlackElo "2381"]

1.d4 Nf6 2.c4 g6 3.Nc3 Bg7 4.e4 d6 5.f3 O-O 6.Be3 Nc6 7.Qd2 a6 8.Nge2 Rb8 9.g4
b5 10.cxb5 axb5 11.g5 Nd7 12.Ng3 e5 13.d5 Nd4 14.Bxd4 exd4 15.Nxb5 Ne5 16.Nxd4
Rxb2 17.Qxb2 Nxf3+ 18.Nxf3 Bxb2 19.Rb1 Bc3+ 20.Kf2 Bg4 21.h4 f6 22.h5 fxg5
{#R} 0-1

[Event "It (open)"]
[Site "masterchessopen.com – Calcutta (India)"]
[Round "0"]
[White "Agarwal Brajesh (IND)"]
[Black "Gufeld Eduard (USA)"]
[Result "0-1"]
[WhiteElo "2079"]
[BlackElo "2485"]

1.d4 Nf6 2.c4 g6 3.Nc3 Bg7 4.e4 O-O 5.Be3 d6 6.f3 Nc6 7.Nge2 a6 8.Qd2 Rb8 9.g4
b5 10.Ng3 e5 11.d5 Nd4 12.Bxd4 exd4 13.Nce2 d3 14.Qxd3 bxc4 15.Qd2 Nxg4
16.fxg4 Rxb2 17.Qf4 Rxe2+ 18.Bxe2 Bxa1 19.Bxc4 Bc3+ 20.Kf2 Be5 21.Qf3 Qh4
22.Be2 f5 {#R} 0-1

[Event "It (open)"]
[Site "masterchessopen.com – Calcutta (India)"]
[Round "0"]
[White "Prakash G B (IND)"]
[Black "Safranska Anda (LAT)"]
[Result "0-1"]
[WhiteElo "2335"]
[BlackElo "2260"]

1.d4 Nf6 2.c4 g6 3.Nc3 Bg7 4.e4 d6 5.f3 O-O 6.Be3 Nc6 7.Nge2 Rb8 8.Qd2 a6
9.Nc1 e5 10.Nb3 exd4 11.Nxd4 Ne5 12.Be2 c5 13.Nc2 Be6 14.b3 Qa5 15.Rd1 b5
16.cxb5 axb5 17.O-O b4 18.Na4 c4 19.Nd4 Bd7 20.Bh6 Bxa4 21.bxa4 Qxa4 22.Bxg7
Kxg7 23.Qg5 Ng8 24.f4 h6 25.Nf5+ Kh7 26.Nxh6 Nxh6 27.fxe5 Qxa2 28.Bh5 Qa3
29.Kh1 Rg8 30.Rxd6 b3 31.e6 gxh5 32.Qxh5 Rg7 33.exf7 Qxd6 {#R} 0-1

[Event "Memorial Angel Rodrigues (open)"]
[Site "masterchessopen.com – Candas (Spain)"]
[Round "0"]
[White "Rodriguez Lopez Rafael (ESP)"]
[Black "Roiz Baztan David (ESP)"]
[Result "0-1"]
[WhiteElo "2313"]
[BlackElo "2282"]

1.d4 Nf6 2.c4 g6 3.Nc3 Bg7 4.e4 d6 5.f3 O-O 6.Be3 Nc6 7.Qd2 a6 8.Nge2 Rb8 9.a3
Nd7 10.Rd1 e5 11.d5 Ne7 12.g4 f5 13.g5 b5 14.cxb5 axb5 15.Na2 fxe4 16.fxe4 Nc5
17.Qc2 Bg4 18.Rg1 Bf3 19.Bg2 Na6 20.Bd2 Qd7 21.Qd3 Nc5 22.Qe3 Bxg2 23.Rxg2 Rf7
24.Nb4 Rbf8 25.Nc3 Rf3 26.Qg1 Qh3 27.Bc1 Qh4+ 28.Kd2 Rf2+ 29.Ne2 Nxe4+ 30.Kc2
Rxg2 31.Qxg2 Rf2 32.Qxe4 Qxe4+ {#R} 0-1

[Event "Ch World (juniors) (under 14)"]
[Site "masterchessopen.com – Duisburg (Germany)"]
[Round "0"]
[White "Peralta Fernando (ARG)"]
[Black "Tkebuchava Zurab (GEO)"]
[Result "0-1"]
[WhiteElo "2602"]
[BlackElo "2303"]

1.d4 Nf6 2.c4 g6 3.Nc3 Bg7 4.e4 d6 5.f3 O-O 6.Be3 Nc6 7.Nge2 a6 8.Qd2 Rb8 9.a3
b5 10.cxb5 axb5 11.d5 Ne5 12.Nd4 Bd7 13.Ndxb5 e6 14.Be2 exd5 15.exd5 Nh5
16.O-O f5 17.Bg5 Qc8 18.Nd4 f4 19.Rac1 Nf7 20.Bh4 Bxd4+ 21.Qxd4 Rxb2 22.Bc4
Qa8 23.Ra1 Rfb8 24.Rfb1 Ne5 25.Bd3 Qa5 26.Ne4 Rxb1+ 27.Bxb1 Rb3 28.Qd2 Qb6+
29.Bf2 Rxb1+ {#R} 0-1

[Event "Ch World (juniors) (under 18)"]
[Site "masterchessopen.com – Duisburg (Germany)"]
[Round "5"]
[White "Escobedo Tinajero Alberto (MEX)"]
[Black "Pitterson Jomo (JAM)"]
[Result "1-0"]
[WhiteElo "2335"]
[BlackElo "2234"]

1.d4 Nf6 2.c4 g6 3.f3 d6 4.e4 Bg7 5.Nc3 O-O 6.Be3 Nc6 7.Nge2 a6 8.Qd2 Rb8
9.Rc1 e5 10.d5 Na5 11.Ng3 c5 12.Be2 Bd7 13.h4 b5 14.cxb5 Bxb5 15.Nxb5 axb5
16.h5 Rb7 17.Rh3 Qa8 18.b3 b4 19.Kf2 Rfb8 20.Bh6 Ne8 21.Bxg7 Nxg7 22.Qh6 Ne8
23.Nf5 Qa7 24.Rch1 c4+ 25.Kf1 c3 26.Qxh7+ {#r} 1-0

[Event "Bundesliga 1991/92"]
[Site "masterchessopen.com – Germany"]
[Round "0"]
[White "Stoering Volker (GER)"]
[Black "Rieke Theo (GER)"]
[Result "1-0"]
[WhiteElo "2345"]
[BlackElo "2162"]

1.d4 Nf6 2.c4 g6 3.Nc3 Bg7 4.e4 d6 5.f3 O-O 6.Be3 Nc6 7.Qd2 a6 8.Nge2 Rb8 9.a3
b5 10.cxb5 axb5 11.d5 Na5 12.Nd4 Bd7 13.b4 Nc4 14.Bxc4 bxc4 15.O-O e6 16.Rfe1
Nh5 17.Bf2 e5 18.Nc6 Bxc6 19.dxc6 Nf4 20.Be3 Ne6 21.Qd5 Nd4 22.Ra2 Qe8 23.Qxc4
Qxc6 24.Qxc6 Nxc6 25.Nd5 Rb7 26.Rc1 Nd4 27.Rxc7 Rxc7 28.Nxc7 Rc8 29.Nd5 Kf8
30.Kf2 Ke8 31.a4 Kd8 32.b5 Rb8 33.b6 {#r} 1-0

[Event "Ch Mittelfranken"]
[Site "masterchessopen.com – Germany"]
[Round "9"]
[White "Stephan Eberhard (GER)"]
[Black "Sroka Dieter (GER)"]
[Result "1-0"]
[WhiteElo "2137"]
[BlackElo "1893"]

1.d4 Nf6 2.c4 g6 3.Nc3 Bg7 4.e4 d6 5.f3 O-O 6.Be3 a6 7.Qd2 Nc6 8.Nge2 Rb8 9.h4
b5 10.h5 e5 11.hxg6 fxg6 12.d5 Na5 13.Ng3 bxc4 14.O-O-O Rf7 15.Na4 c5 16.dxc6
Bf8 17.Bb6 {#r} 1-0

[Event "Oberliga NRW 1991/92"]
[Site "masterchessopen.com – Germany"]
[Round "0"]
[White "Dinstuhl Volkmar (GER)"]
[Black "Brendel Oliver (GER)"]
[Result "1-0"]
[WhiteElo "2408"]
[BlackElo "2375"]

1.d4 Nf6 2.c4 g6 3.Nc3 Bg7 4.e4 d6 5.f3 O-O 6.Be3 Nc6 7.Nge2 a6 8.Qd2 Rb8 9.h4
b5 10.h5 e5 11.d5 Na5 12.Ng3 bxc4 13.O-O-O Bd7 14.hxg6 fxg6 15.Nb1 c5 16.dxc6
Be6 17.Qxd6 Qc8 18.c7 Rb7 19.Bb6 c3 20.Nxc3 Nc4 21.Bxc4 Bxc4 22.Qc5 Be6 23.Rd8
Nd7 24.Qe7 Rxb6 25.Rxc8 Rxc8 26.Qd8+ Nf8 27.Nd5 Rc6+ 28.Kb1 Kf7 29.Qe7+ Kg8
30.Rc1 Rxc1+ 31.Kxc1 {#r} 1-0

[Event "It (open)"]
[Site "masterchessopen.com – Karvina (Czech Republic)"]
[Round "3"]
[White "Michenka Jozef (CZE)"]
[Black "Golubev Mikhail (UKR)"]
[Result "0-1"]
[WhiteElo "2346"]
[BlackElo "2489"]

1.d4 Nf6 2.c4 g6 3.Nc3 Bg7 4.e4 d6 5.f3 O-O 6.Be3 Nc6 7.Nge2 a6 8.Qd2 Rb8
9.Bh6 Bxh6 10.Qxh6 e5 11.O-O-O b5 12.c5 exd4 13.Nxd4 Nxd4 14.Rxd4 Qe7 15.cxd6
cxd6 16.a3 Qe5 17.Qd2 Be6 18.f4 Qc5 19.f5 Bb3 20.Kb1 a5 21.Rxd6 b4 22.Rxf6
Rfd8 23.Nd5 Bxd5 24.exd5 bxa3 25.b3 Rxb3+ 26.Ka1 Rb2 27.Qg5 Rb1+ {#R} 0-1

[Event "It \"]
[Site "masterchessopen.com – Kuopio (Finland)"]
[Round "3"]
[White "Dragomarezkij Evgeni (RUS)"]
[Black "Ristoja Thomas W (FIN)"]
[Result "1-0"]
[WhiteElo "2435"]
[BlackElo "2210"]

1.d4 Nf6 2.c4 g6 3.Nc3 Bg7 4.e4 d6 5.f3 O-O 6.Be3 Nc6 7.Nge2 a6 8.Qd2 Rb8
9.Rd1 b5 10.Nc1 bxc4 11.Bxc4 e5 12.dxe5 Nxe5 13.Be2 Be6 14.b3 a5 15.O-O Nfd7
16.f4 Ng4 17.f5 {#r} 1-0

[Event "It (open)"]
[Site "masterchessopen.com – Las Vegas (USA)"]
[Round "0"]
[White "Dlugy Maxim (USA)"]
[Black "Wallace Charles (USA)"]
[Result "1-0"]
[WhiteElo "2518"]
[BlackElo "2080"]

1.d4 Nf6 2.c4 g6 3.Nc3 Bg7 4.e4 d6 5.f3 O-O 6.Be3 Nc6 7.Nge2 a6 8.Qd2 Rb8 9.a3
Bd7 10.b4 b5 11.cxb5 axb5 12.d5 Ne5 13.Nd4 Qe8 14.Rc1 c5 15.dxc6 Nxc6 16.Ndxb5
Nxb4 17.axb4 Bxb5 18.Nxb5 Rxb5 19.Bxb5 Qxb5 20.Rb1 Rc8 21.Qe2 Qa4 22.O-O Rc2
23.Qd1 Qa2 24.Rf2 Rxf2 25.Bxf2 Nd7 26.b5 Be5 27.b6 Bxh2+ 28.Kxh2 Qxf2 29.b7
Nb8 30.Rc1 Kg7 31.Rc8 Qa7 32.Rxb8 Qxb8 33.Qa1+ {#r} 1-0

[Event "Olympiad"]
[Site "masterchessopen.com – Manila (Philippines)"]
[Round "6"]
[White "Hynes Kilian A (IRL)"]
[Black "Stull Norbert (LUX)"]
[Result "0-1"]
[WhiteElo "2227"]
[BlackElo "2081"]

1.d4 Nf6 2.c4 g6 3.Nc3 Bg7 4.e4 d6 5.f3 O-O 6.Be3 Nc6 7.Nge2 a6 8.Qd2 Rb8 9.h4
h5 10.O-O-O b5 11.Nd5 bxc4 12.Nxf6+ exf6 13.Nf4 f5 14.Bxc4 fxe4 15.fxe4 Re8
16.Rhf1 Rxe4 17.Bd5 Rxd4 18.Bxd4 Nxd4 19.Nxh5 gxh5 20.Bxf7+ Kh8 21.Rde1 Bd7
22.b3 Nf5 23.Qd1 Qxh4 24.g4 Qf6 25.Qd2 Bh6 {#R} 0-1

[Event "Ch \"]
[Site "masterchessopen.com – Moscow (Russia)"]
[Round "0"]
[White "Ivanov Vladimir Ivanovich (RUS)"]
[Black "Muhutdinov Marat (RUS)"]
[Result "1-0"]
[WhiteElo "2196"]
[BlackElo "2386"]

1.d4 Nf6 2.c4 g6 3.Nc3 Bg7 4.e4 d6 5.f3 O-O 6.Be3 Nc6 7.Nge2 a6 8.Qd2 Rb8 9.h4
h5 10.Nc1 e5 11.d5 Nd4 12.Nb3 Nxb3 13.axb3 c5 14.Be2 Bd7 15.Nd1 Qc8 16.b4 b6
17.Nf2 Ne8 18.g4 f5 19.gxf5 gxf5 20.exf5 Bxf5 21.Rg1 Kh8 22.Rg3 Nf6 23.Bd3 Rf7
24.Bh6 Bxd3 25.Bxg7+ Rxg7 26.Qh6+ {#r} 1-0

[Event "It (w)"]
[Site "masterchessopen.com – Simferopol/Alushta (Ukraine)"]
[Round "33"]
[White "Prudnikova Svetlana (SRB)"]
[Black "Velikhanli Firuza (AZE)"]
[Result "0-1"]
[WhiteElo "2349"]
[BlackElo "2262"]

1.d4 Nf6 2.c4 g6 3.Nc3 Bg7 4.e4 d6 5.f3 O-O 6.Be3 Nc6 7.Nge2 a6 8.Qd2 Rb8
9.Nc1 e5 10.Nb3 exd4 11.Nxd4 Ne5 12.Be2 c6 13.O-O b5 14.cxb5 axb5 15.b4 c5
16.bxc5 b4 17.Na4 Bd7 18.c6 Nxc6 19.Nb2 Re8 20.Nxc6 Bxc6 21.Rac1 Ba8 22.Bf4
Nh5 23.Bg5 Bc3 24.Qe3 f6 25.Bh6 d5 26.Na4 dxe4 27.Nxc3 exf3 28.Bc4+ Kh8
29.Rfd1 Qa5 30.Be6 bxc3 31.g4 f2+ 32.Qxf2 Rxe6 33.gxh5 Qxh5 {#R} 0-1